Mô hình dạy học tích cực lấy người học làm trung tâm
Trình bày các vấn đề về học; thầy dạy, trò học; Lựa chọn và sử dụng phương pháp giáo dục. Đề cập đến mô hình dạy học tích cực, lấy người học làm trung tâm.
Đã lưu trong:
| Tác giả chính: | |
|---|---|
| Định dạng: | Sách |
| Năm xuất bản: |
H.
Trường cán bộ quản lí giáo dục và đào tạo Hà Nội
1996
|
| Chủ đề: | |
| Tags: |
Thêm thẻ
Không có thẻ, Hãy là người đầu tiên gắn thẻ bản ghi này!
|
| LEADER | 01253nam a2200193 4500 | ||
|---|---|---|---|
| 082 | |a 371.3 |b M450h | ||
| 100 | |a Nguyễn Kỳ | ||
| 245 | |a Mô hình dạy học tích cực lấy người học làm trung tâm |c Nguyễn Kỳ, Nguyễn Cảnh Toàn, Trần Bá Hoành,... | ||
| 260 | |a H. |b Trường cán bộ quản lí giáo dục và đào tạo Hà Nội |c 1996 | ||
| 300 | |a 216tr. |c 21cm. | ||
| 520 | |a Trình bày các vấn đề về học; thầy dạy, trò học; Lựa chọn và sử dụng phương pháp giáo dục. Đề cập đến mô hình dạy học tích cực, lấy người học làm trung tâm. | ||
| 653 | |a Giáo dục | ||
| 653 | |a Trường học | ||
| 653 | |a Phương pháp dạy học | ||
| 942 | |2 ddc |c STK0 | ||
| 999 | |c 10109 |d 10109 | ||
| 952 | |0 0 |1 0 |2 ddc |4 0 |6 371_300000000000000_M450H |7 0 |8 300 |9 78913 |a qbu |b qbu |c D2 |d 2015-07-17 |g 15000 |o 371.3 M450h |p 10149.c1 |r 0000-00-00 |w 2015-07-17 |y STK0 | ||
| 952 | |0 0 |1 0 |2 ddc |4 0 |6 371_300000000000000_M450H |7 0 |8 300 |9 78914 |a qbu |b qbu |c D2 |d 2015-07-17 |g 15000 |l 1 |m 1 |o 371.3 M450h |p 10149.c2 |r 2021-10-08 |s 2021-08-11 |w 2015-07-17 |y STK0 | ||
| 952 | |0 0 |1 0 |2 ddc |4 0 |6 371_300000000000000_M450H |7 0 |8 300 |9 78915 |a qbu |b qbu |c D2 |d 2015-07-17 |g 15000 |l 1 |o 371.3 M450h |p 10149.c3 |r 2015-12-19 |s 2015-12-19 |w 2015-07-17 |y STK0 | ||